000 00645cam a2200217 a 4500
001 12032013
005 20240401061930.0
008 000606s1999 enk b 001 0 eng d
020 _a0415206987
040 _aPSC
_cPSC
_dDLC
082 0 0 _a330
_221
_bPOL.
245 0 0 _aPolitics and globalisation :
_bknowledge, ethics, and agency /
_cMartin Shaw.
260 _aLondon ;
_bRoutledge,
_c1999.
300 _ax, 229 p. ;
650 0 _aGlobalization.
650 0 _aPolitical science.
650 0 _aInternational relations.
700 1 _aShaw, Martin,
_eedt
856 4 2 _uhttp://www.loc.gov/catdir/enhancements/fy0650/00267919-d.html
942 _cL
999 _c5871
_d5871